|
|
|
|
| LEADER |
01276nam a2200349 a 4500 |
| 001 |
EBC1111033 |
| 003 |
MiAaPQ |
| 005 |
20200520144314.0 |
| 006 |
m o d | |
| 007 |
cr cn||||||||| |
| 008 |
130124s2013 nju s 000 0 eng d |
| 020 |
|
|
|z 9781118464106
|
| 020 |
|
|
|a 9781118464762 (electronic bk.)
|
| 035 |
|
|
|a (MiAaPQ)EBC1111033
|
| 035 |
|
|
|a (Au-PeEL)EBL1111033
|
| 035 |
|
|
|a (CaPaEBR)ebr10646007
|
| 035 |
|
|
|a (CaONFJC)MIL427303
|
| 035 |
|
|
|a (OCoLC)826854587
|
| 040 |
|
|
|a MiAaPQ
|c MiAaPQ
|d MiAaPQ
|
| 043 |
|
|
|a n-cn---
|
| 050 |
|
4 |
|a HD316.5
|b .L58 2013
|
| 100 |
1 |
|
|a Campbell, Don R.
|
| 245 |
1 |
4 |
|a The little book of real estate investing in Canada
|h [electronic resource] /
|c Don R. Campbell.
|
| 260 |
|
|
|a [Somerset, N.J.] :
|b John Wiley & Sons Canada, Ltd.,
|c 2013.
|
| 300 |
|
|
|a xxviii, 224 p.
|
| 490 |
1 |
|
|a Little book big profits series
|
| 533 |
|
|
|a Electronic reproduction. Ann Arbor, MI : ProQuest, 2015. Available via World Wide Web. Access may be limited to ProQuest affiliated libraries.
|
| 650 |
|
0 |
|a Real estate investment
|z Canada.
|
| 655 |
|
4 |
|a Electronic books.
|
| 710 |
2 |
|
|a ProQuest (Firm)
|
| 830 |
|
0 |
|a Little book big profits.
|
| 856 |
4 |
0 |
|u https://ebookcentral.proquest.com/lib/matrademy/detail.action?docID=1111033
|z Click to View
|